5HLuxD.jpg

KING HENRY VIII SENIOR AND PRIMARY SCHOOL LIBRARY OPAC

Happy holidays / (Record no. 2229)

000 -LEADER
fixed length control field 01333cam a2200313 i 4500
001 - CONTROL NUMBER
control field (Sirsi) a914916
003 - CONTROL NUMBER IDENTIFIER
control field OSt
005 - DATE AND TIME OF LATEST TRANSACTION
control field 20230403114711.0
008 - FIXED-LENGTH DATA ELEMENTS--GENERAL INFORMATION
fixed length control field 151230s2015 enka c 000 f eng d
020 ## - INTERNATIONAL STANDARD BOOK NUMBER
International Standard Book Number 9780440870982
Qualifying information (paperback) :
040 ## - CATALOGING SOURCE
Original cataloging agency NLE
Language of cataloging eng
Transcribing agency NLE
Modifying agency YDXCP
-- AUMCS
-- TAE
Description conventions rda
-- KH8
042 ## - AUTHENTICATION CODE
Authentication code nbic
082 0# - DEWEY DECIMAL CLASSIFICATION NUMBER
Classification number 823.914 WIL
100 1# - MAIN ENTRY--PERSONAL NAME
Personal name Wilson, Jacqueline,
Relator term author.
245 10 - TITLE STATEMENT
Title Happy holidays /
Statement of responsibility, etc. Jacqueline Wilson ; illustrated by Nick Sharratt.
260 ## - PUBLICATION, DISTRIBUTION, ETC.
Date of publication, distribution, etc. 2015.
264 #1 - PRODUCTION, PUBLICATION, DISTRIBUTION, MANUFACTURE, AND COPYRIGHT NOTICE
Place of production, publication, distribution, manufacture London :
Name of producer, publisher, distributor, manufacturer Corgi,
Date of production, publication, distribution, manufacture, or copyright notice 2015.
300 ## - PHYSICAL DESCRIPTION
Extent 248 pages :
Other physical details illustrations ;
Dimensions 20 cm.
336 ## - CONTENT TYPE
Content type term text
Content type code txt
Source rdacontent.
336 ## - CONTENT TYPE
Content type term still image
Content type code sti
Source rdacontent.
337 ## - MEDIA TYPE
Media type term unmediated
Media type code n
Source rdamedia.
338 ## - CARRIER TYPE
Carrier type term volume
Carrier type code nc
Source rdacarrier.
520 ## - SUMMARY, ETC.
Summary, etc. How will you spend your holiday? Will you be swimming in the sea? Eating lots of ice cream? Or relaxing in the garden with a brilliant book? Jacqueline Wilson's Happy Holidays is packed with fantastic summery puzzles, activities, facts and stories, including Buried Alive! plus a brand-new tale from Jacqueline. Join Tracy, Hetty and all your other favourite characters on the best holiday ever!
521 1# - TARGET AUDIENCE NOTE
Target audience note Ages 9-12.
650 #0 - SUBJECT ADDED ENTRY--TOPICAL TERM
Topical term or geographic name entry element Holidays
Form subdivision Juvenile fiction.
655 #0 - INDEX TERM--GENRE/FORM
Genre/form data or focus term Children's stories.
700 1# - ADDED ENTRY--PERSONAL NAME
Personal name Sharratt, Nick,
Relator term illustrator.
942 ## - ADDED ENTRY ELEMENTS (KOHA)
Source of classification or shelving scheme
Koha item type Books - Non Ficton
Holdings
Withdrawn status Lost status Source of classification or shelving scheme Damaged status Not for loan Collection code Permanent Location Current Location Shelving location Date acquired Total Checkouts Full call number Barcode Date last seen Date last checked out Price effective from Koha item type
          Non-Fiction KH8 Primary School Library KH8 Primary School Library Non Fiction 2023-04-03 2 823.914 WIL KHPL000003975 2026-01-23 2025-01-15 2023-04-03 Books - Non Ficton

Powered By KH8 IT Dept